00540nam a2200193Ia 450000500170000000800410001702000140005804000190007204100120009108200110010310000240011424500780013826000420021630000120025850400190027065000230028970000240031285000100033620220602115236.0131103s9999 xx 000 0 und d a747237719 aLoreto College aEnglish aFbLAP aDominique, Lapierre aBeyond LovecLapierre Dominique; translated from the French Kathryn Spink aBombaybIndia Book Distributionc1990 a394 p.  aIncludes index aFiction in English aSpink, Kathryn, tr. aLCLIB